000 00633nam a2200181Ia 4500
008 090124s9999 xx 000 0 und d
082 _b10542
100 _aधोंड मधुकर वासुदेव
245 _a सतारीचे बोल
250 _a0
260 _bमुंबई मराठी ग्रंथसंग्रहालय
_c1967
300 _a28
600 _aधोंड मधुकर वासुदेव
630 _a सतारीचे बोल
700 _aधोंड मधुकर वासुदेव
730 _a सतारीचे बोल
942 _cBOOK
999 _c85864
_d85864